El bicentenario de la independencia de Colombia 2019 y los retos de la celebración. Volumen I, Un encuentro en torno a las nuevas corrientes historiográficas, Bogotá, D.C., 14 y 15 de junio de 2018 /
Guardat en:
| Altres autors: | , , |
|---|---|
| Format: | Electrònic eBook |
| Idioma: | espanyol |
| Publicat: |
Bogotá, D. C., Colombia :
Academia Colombiana de Historia : Mincultura,
2018.
|
| Matèries: | |
| Accés en línia: | Digitalia Hispánica |
| Etiquetes: |
Afegir etiqueta
Sense etiquetes, Sigues el primer a etiquetar aquest registre!
|
MARC
| LEADER | 00000nam a2200000Ii 4500 | ||
|---|---|---|---|
| 001 | DIGACHCK0021 | ||
| 003 | NyNyDIG | ||
| 006 | m o d | ||
| 007 | cr ||||||||||| | ||
| 008 | 220508s2018 ck a ob 000 0 spa d | ||
| 035 | |a (OCoLC)1335132845 | ||
| 040 | |a DGITA |b eng |e rda |e pn |c DGITA | ||
| 020 | |a 9789585154438 |q eBook |q pdf | ||
| 020 | |z 9789588040851 | ||
| 043 | |a s-ck--- |a cl----- | ||
| 050 | 1 | 4 | |a F2274 ebook |
| 082 | 0 | 4 | |a 986.103 |
| 245 | 0 | 3 | |a El bicentenario de la independencia de Colombia 2019 y los retos de la celebración. |n Volumen I, |p Un encuentro en torno a las nuevas corrientes historiográficas, Bogotá, D.C., 14 y 15 de junio de 2018 / |c editores, Fernán E. González González, Luis Horacio López Dominguez, Roger Pita Pico. |
| 246 | 3 | 0 | |a Encuentro en torno a las nuevas corrientes historiográficas |
| 264 | 1 | |a Bogotá, D. C., Colombia : |b Academia Colombiana de Historia : |b Mincultura, |c 2018. | |
| 300 | |a 1 online resource : |b illustrations. | ||
| 336 | |a text |b txt |2 rdacontent | ||
| 337 | |a computer |b c |2 rdamedia | ||
| 338 | |a online resource |b cr |2 rdacarrier | ||
| 347 | |a text file |2 rdaft | ||
| 347 | |b PDF | ||
| 500 | |a "200 años 1819-2019 Bicentenario de la Independencia" --Cover. | ||
| 504 | |a Includes bibliographical references. | ||
| 588 | 0 | |a Online resource; title from PDF title page (Digitalia, viewed May 8, 2022) | |
| 651 | 0 | |a Colombia |x History |y War of Independence, 1810-1822. | |
| 651 | 0 | |a Colombia |x History |y War of Independence, 1810-1822 |x Anniversaries, etc. |v Congresses. | |
| 651 | 0 | |a Latin America |x History |y Wars of Independence, 1806-1830. | |
| 655 | 0 | |a Electronic books. | |
| 700 | 1 | |a González, Fernán E., |e editor. | |
| 700 | 1 | |a López Domínguez, Luis Horacio, |e editor. | |
| 700 | 1 | |a Pita Pico, Roger, |e editor. | |
| 791 | 2 | |a Digitalia (Firm), |e distributor. | |
| 793 | 0 | |g Digitalia eBook Collection: |a Academia Colombiana de Historia | |
| 776 | 0 | 8 | |i Print version: |t Bicentenario de la Independencia de Colombia 2019 y los retos de la celebración. |b Primera edición. |d Bogotá, D. C., Colombia : Academia Colombiana de Historia : Mincultura, 2018 |z 9789588040851 |
| 856 | 4 | 0 | |3 Digitalia Hispánica |u https://digitalia.unach.elogim.com/a/111495/ |
| 910 | |a Premium collection: 2022 | ||